|
|
|
|
| LEADER |
04046nam a22003257i 4500 |
| 003 |
GR-PaULI |
| 005 |
20240918134229.0 |
| 008 |
161013t20162014gr ||||f |||| 000 0 gre d |
| 020 |
|
|
|a 9789601663548
|
| 040 |
|
|
|a GR-PaULI
|b gre
|c GR-PaULI
|e AACR2
|d GR-PaULI
|
| 041 |
1 |
|
|a gre
|h eng
|
| 082 |
0 |
4 |
|a 801.95
|2 23
|
| 100 |
1 |
|
|9 81949
|a Mendelsohn, Daniel Adam
|d 1960-
|e συγγραφέας
|
| 245 |
1 |
0 |
|a Περιμένοντας τους βαρβάρους :
|b από τον Αριστοφάνη στο Avatar /
|c Ντάνιελ Μεντελσον ; μετάφραση Μαργαρίτα Ζαχαριάδου.
|
| 260 |
|
|
|a Αθήνα :
|b Πατάκης,
|c 2016.
|
| 300 |
|
|
|a 589 σ. ;
|c 21 εκ.
|
| 490 |
1 |
|
|a Λογοτεχνικά δοκίμια / Πατάκης
|
| 504 |
|
|
|6 Περιέχει βιβλιογραφία.
|
| 505 |
0 |
|
|a Πρόλογος για την ελληνική έκδοση -- Ι. Τα κλασσικά: Μια Μικρή Ιλιάδα (Τροία) -- Αλέξανδρος, η ταινία! (Αλέξανδρος του Όλιβερ Στόουν) -- Το καθήκον (300) -- Το κακό παιδί των Αθηνών (Μήδεια και Ηρακλείδες) -- Για τα πανηγύρια (Βάτραχοι στο Lincoln Center Theater) Ο Ηρακλής τιμωρείται ξανά! (Ηρακλής στη Μουσική Ακαδημία του Μπρούκλυν) -- J.F.K.: Τραγωδία και μύθος -- Άταφος: Ο Τάμερλαν Τσαρνάεφ και τα διδάγματα της ελληνικής τραγωδίας -- ΙΙ. Τραγικές Ηρωίδες (και άλλοι): Θύματα στο Μπρόντγουεϋ (Γυάλινος κόσμος) -- Θύματα στο Μπρόντγουεϋ (Λεωφορείο ο Πόθος) -- ΄Οποιος δεν φοβάται τη Βιρτζίνια Γουλφ (Οι ώρες) -- Ένας καθόλου τέλειος σύζυγος (Άλκηστις του Τεντ Χιουζ) -- Οι γυναίκες του Πέδρο Αλμοδόβαρ (Volver) -- Ένας αξέχαστος έρωτας (Το μυστικό του Μπρόκμπακ Μάουνταιν) -- ΙΙΙ. Κάποιοι σύγχρονοι: Η καλή ποίηση στα καλύτερά της (Κωνσταντίνος Καβάφης) -- Επαναστάτη επαναστάτη (Αρθούρος Ρεμπό) -- Ο δρόμος προς την έξοδο (Καθένας στου Φίλιπ Ροθ) -- ΟΙ γυναίκες και το στέμμα (Games of Thrones) -- Ο μάγος (Avatar) -- IV. <<Ελληνίζοντες>>: Ακαταμάχητη Ερμαφρόδιτη (Middlesex) -- Όσκαρ Ουάιλντ, κλασικός φιλόλογος -- Ένας μικρός, μονόπλευρος έρωτας (Η αλληλογραφία Φόρστερ-Καβάφη: φίλοι σε ελαφρήν απόκλιση) -- Το εμπνευσμένο ταξίδι του Πάτρικ Λη Φέρμορ -- Ο μικρός Αμερικάνος (Ο Ντάνιελ Μέντελσον και η Μαίρη Ρενό).
|
| 650 |
0 |
4 |
|9 63093
|a Κανόνας (Λογοτεχνία)
|
| 650 |
|
0 |
|9 161342
|a Μαζική κουλτούρα
|y 21ος αιώνας
|
| 650 |
0 |
4 |
|9 157559
|a Λογοτεχνία
|x Ιστορία και κριτική
|y 21ος αιώνας
|
| 700 |
1 |
|
|a Ζαχαριάδου, Μαργαρίτα
|d 1969-
|e μεταφράστρια
|9 58054
|
| 765 |
0 |
8 |
|i Μετάφραση του:
|t Waiting for the barbarians : essays from the classics to pop culture
|
| 830 |
|
0 |
|a Λογοτεχνικά δοκίμια (Πατάκης)
|9 157560
|
| 942 |
|
|
|2 ddc
|c BK15
|
| 952 |
|
|
|0 0
|1 0
|2 ddc
|4 0
|6 801_950000000000000_MEN
|7 0
|9 206462
|a THST
|b THST
|d 2016-10-13
|i 014208
|l 0
|o 801.95 MEN
|p 025000138368
|r 2016-10-13 00:00:00
|t 1
|v 2016.00
|w 2016-10-13
|y BK15
|
| 952 |
|
|
|0 0
|1 0
|2 ddc
|4 0
|6 801_950000000000000_MEN
|7 0
|9 211408
|a LISP
|b LISP
|c BSC
|d 2017-04-06
|i 136027
|l 0
|o 801.95 MEN
|p 025000254027
|r 2017-04-06 00:00:00
|t 2
|v 2017.00
|w 2017-04-06
|y BK15
|
| 998 |
|
|
|c ΜΑΝΙΑ
|d 2016-10
|
| 999 |
|
|
|c 125551
|d 125551
|